[Event "Bergen op"]
[Site "Bergen"]
[Date "2012.11.23"]
[Round "3"]
[White "Andes, Kjetil"]
[Black "Woldseth, Ole"]
[Result "0-1"]
[WhiteElo "1528"]
[BlackElo "1985"]
[PlyCount "92"]
[EventDate "2012.11.23"]
[EventType "swiss"]
[EventRounds "5"]
[EventCountry "NOR"]
[SourceTitle "CBM 151 Extra"]
[Source "ChessBase"]
[SourceDate "2012.12.18"]
[SourceVersion "1"]
[SourceVersionDate "2012.12.18"]
[SourceQuality "1"]

1. d4 Nf6 2. c4 e6 3. Nf3 b6 4. g3 Bb7 5. Bg2 Be7 6. 0-0 0-0 7. Nc3 Ne4 8. Qc2 Nxc3 9. Qxc3 d6 10. b3 c5 11. Bb2 Bf6 12. Qc2 Nc6 13. Rad1 Qe7 14. dxc5 Bxb2 15. Qxb2 dxc5 16. Rd2 Rfd8 17. Rfd1 f6 18. e4 e5 19. Bh3 Nd4 20. Nxd4 Rxd4 21. f3 Rad8 22. Kf2 Bc6 23. Rxd4 exd4 24. Qe2 Qe5 25. Qd3 Kf7 26. Re1 g5 27. Bf5 Bd7 28. Re2 Be6 29. Kf1 h5 30. a3 a5 31. a4 Rh8 32. Qd2 Bxf5 33. exf5 Qxf5 34. Kg2 h4 35. g4 h3+ 36. Kf2 Qb1 37. Qe1 Qxe1+ 38. Rxe1 Re8 39. Rb1 Re3 40. Rb2 Ke6 41. Rb1 Ke5 42. Kg3 d3 43. Rb2 Kd4 44. Kf2 Re8 45. Rb1 d2 46. Rd1 Kd3 0-1

[Event "Bergen op"]
[Site "Bergen"]
[Date "2012.11.23"]
[Round "2"]
[White "Lie, Terje"]
[Black "Andes, Kjetil"]
[Result "0-1"]
[WhiteElo "1374"]
[BlackElo "1528"]
[PlyCount "84"]
[EventDate "2012.11.23"]
[EventType "swiss"]
[EventRounds "5"]
[EventCountry "NOR"]
[SourceTitle "CBM 151 Extra"]
[Source "ChessBase"]
[SourceDate "2012.12.18"]
[SourceVersion "1"]
[SourceVersionDate "2012.12.18"]
[SourceQuality "1"]

1. d4 Nf6 2. c4 c5 3. d5 b5 4. f3 b4 5. e4 d6 6. Bd3 g6 7. Ne2 Bg7 8. 0-0 Nbd7 9. f4 0-0 10. Nd2 Nb6 11. Rb1 e6 12. b3 Re8 13. Bb2 a5 14. Ng3 exd5 15. exd5 Ng4 16. Re1 Ne3 17. Qf3 Bg4 18. Qf2 Bd4 19. Bxd4 cxd4 20. h3 Bf5 21. Nxf5 gxf5 22. Nf1 Qe7 23. Re2 Nd7 24. Rbe1 Nc5 25. Bxf5 Qf6 26. Bb1 Ne4 27. Bxe4 Rxe4 28. Qg3+ Kh8 29. Nxe3 d3 30. Ng4 Qd4+ 31. Re3 d2 32. Rd1 Rae8 33. Kh2 Rxe3 34. Nxe3 Rxe3 35. Qg4 Re1 36. Kg3 Qe3+ 37. Kh4 Rxd1 38. Qc8+ Kg7 39. Qg4+ Kf8 40. Kg5 Rf1 41. g3 d1Q 42. Qh4 Qe7+ 0-1

[Event "Bergen Hordaland op"]
[Site "Bergen"]
[Date "2008.04.06"]
[Round "5"]
[White "Strand, Oyvin"]
[Black "Andes, Kjetil"]
[Result "1-0"]
[WhiteElo "1729"]
[BlackElo "794"]
[PlyCount "87"]
[EventDate "2008.04.04"]
[EventType "swiss"]
[EventRounds "5"]
[EventCountry "NOR"]
[SourceTitle "EXT 2010"]
[Source "ChessBase"]
[SourceDate "2010.11.25"]
[SourceVersion "1"]
[SourceVersionDate "2010.11.25"]
[SourceQuality "1"]

1. d4 Nf6 2. e3 g6 3. Bd3 Bg7 4. Nd2 d6 5. c4 0-0 6. Ne2 c6 7. 0-0 Be6 8. f4 Ng4 9. Nf3 f5 10. Qc2 Nd7 11. Ng5 Bf7 12. Nxf7 Rxf7 13. c5 Rc8 14. Qa4 a6 15. Bc4 d5 16. Bd3 e6 17. Bd2 Qh4 18. h3 Ngf6 19. Qc2 Ne4 20. Be1 Qe7 21. b4 Ndf6 22. a4 Ra8 23. Nc3 Nxc3 24. Bxc3 Ne4 25. Rab1 Qe8 26. b5 a5 27. bxc6 Qxc6 28. Rb6 Qc8 29. Bxe4 fxe4 30. Qd2 Qe8 31. Ra1 Ra6 32. Rxa6 bxa6 33. Bxa5 Qb8 34. Bb6 Bf6 35. Qa5 Qc8 36. Rc1 Rd7 37. c6 Rd6 38. Bc7 Bd8 39. Bxd8 Rxd8 40. c7 Rd6 41. Rb1 Kg7 42. Rb8 Qd7 43. c8Q Qxc8 44. Rxc8 1-0

[Event "Bergen Hordaland op"]
[Site "Bergen"]
[Date "2008.04.05"]
[Round "3"]
[White "Martinsen, Stig K"]
[Black "Andes, Kjetil"]
[Result "1-0"]
[WhiteElo "2100"]
[BlackElo "794"]
[PlyCount "95"]
[EventDate "2008.04.04"]
[EventType "swiss"]
[EventRounds "5"]
[EventCountry "NOR"]
[SourceTitle "EXT 2010"]
[Source "ChessBase"]
[SourceDate "2010.11.25"]
[SourceVersion "1"]
[SourceVersionDate "2010.11.25"]
[SourceQuality "1"]

1. d4 Nf6 2. c4 g6 3. Nc3 Bg7 4. e4 d6 5. f3 0-0 6. Be3 e5 7. d5 b6 8. Qd2 Bb7 9. Nh3 Nbd7 10. Bd3 c6 11. dxc6 Bxc6 12. 0-0-0 Nc5 13. Bc2 Ne8 14. g4 Ne6 15. Rdf1 Rb8 16. Ng1 g5 17. Nge2 Nf4 18. h4 f6 19. Ng3 b5 20. Qh2 h6 21. Nf5 Qc7 22. hxg5 hxg5 23. Bxf4 exf4 24. cxb5 Bxb5 25. Bb3+ Bc4 26. Bxc4+ Qxc4 27. Qh7+ Kf7 28. Qxg7+ Nxg7 29. Nxd6+ Ke7 30. Nxc4 Rbc8 31. Na5 Rc5 32. Nb3 Rc7 33. Rh7 Ke6 34. Rd1 Kf7 35. Nd4 Kg6 36. Rxg7+ Rxg7 37. Ne6 Rff7 38. Nxg7 Rxg7 39. b4 Rb7 40. b5 Rb6 41. a4 Kf7 42. Kc2 Kf8 43. Rd7 Ke8 44. Rxa7 Kd8 45. a5 Rb8 46. Rh7 Ra8 47. Rh8+ Kd7 48. Rxa8 1-0